Child development: (Record no. 17864)

MARC details
000 -LEADER
fixed length control field 00708 aa a2200193 4500
008 - FIXED-LENGTH DATA ELEMENTS--GENERAL INFORMATION
fixed length control field 081021t xxu||||| |||| 00| 0 eng d
010 ## - LIBRARY OF CONGRESS CONTROL NUMBER
LC control number ENG-84559
020 ## - INTERNATIONAL STANDARD BOOK NUMBER
International Standard Book Number 8189000918
020 ## - INTERNATIONAL STANDARD BOOK NUMBER
Terms of availability 300.00 (hb)
035 ## - SYSTEM CONTROL NUMBER
System control number EN-68092
082 ## - DEWEY DECIMAL CLASSIFICATION NUMBER
Classification number 305.231
245 ## - TITLE STATEMENT
Title Child development:
Remainder of title issues and concerns for the well being of the child /
Statement of responsibility, etc edited by Rekha Sapra
260 ## - PUBLICATION, DISTRIBUTION, ETC. (IMPRINT)
Place of publication, distribution, etc New Delhi
Name of publisher, distributor, etc Vishvabharti Publications
260 ## - PUBLICATION, DISTRIBUTION, ETC. (IMPRINT)
Date of publication, distribution, etc 2006
300 ## - PHYSICAL DESCRIPTION
Extent xvi,111p
Dimensions 22cm
700 ## - ADDED ENTRY--PERSONAL NAME
Personal name Sapra, Rekha
Titles and other words associated with a name ed
942 ## - ADDED ENTRY ELEMENTS (KOHA)
Source of classification or shelving scheme Dewey Decimal Classification
Koha item type English Books
Classification part 305.231
Call number suffix CHI
Holdings
Withdrawn status Lost status Source of classification or shelving scheme Damaged status Not for loan Home library Current library Date acquired Cost, normal purchase price Total Checkouts Full call number Barcode Date last seen Copy number Cost, replacement price Price effective from Koha item type
    Dewey Decimal Classification   Not For Loan D.B.Act.Division D.B.Act.Division 08/03/2007 300.00   305.231 CHI EN-68092 04/11/2008 1 300.00 04/11/2008 English Books

© Delhi Public Library
Hit Counter
free hit counter